Cricket: Players to Take a T20i Hat-trick - Statistics

General Stats
  • This quiz has been taken 15 times
  • The average score is 9 of 17
Answer Stats
Year For Against Bowling Type Answer % Correct
2019* AFG IRE Right arm legbreak Rashid Khan
100%
2007 AUS BAN Right arm fast Brett Lee
77%
2021 SA ENG Right arm fast Kagiso Rabada
77%
2021 SL SA Right arm legbreak Wanindu Hasaranga
77%
2020 AUS SA Left arm orthodox Ashton Agar
62%
2022* WI ENG Right arm medium fast Jason Holder
62%
2019* SL NZ Right arm fast Lasith Malinga
62%
2017 SL BAN Right arm fast Lasith Malinga
62%
2010 NZ PAK Right arm medium fast Tim Southee
62%
2019 IND BAN Right arm medium fast Deepak Chahar
46%
2021* IRE NED Right arm medium fast Curtis Campher
38%
2021 SL WI Right arm offbreak Akila Dananjaya
31%
2019 PAK SL Right arm fast Mohammad Hasnain
31%
2017 PAK SL Right arm medium fast Faheem Ashraf
23%
2009 NZ SL Right arm medium fast Jacob Oram
23%
2021 AUS BAN Right arm medium fast Nathan Ellis
23%
2016 SL IND Right arm medium fast Thisara Perera
23%
No matching quizzes found
Score Distribution
Percent of People with Each Score
Percentile by Number Answered
Your Score History
You have not taken this quiz